| 000 | 00485nam a2200169 a 4500 | ||
|---|---|---|---|
| 005 | 20140412111243.0 | ||
| 008 | 001111s19uu xx 00 eng d | ||
| 020 | _a0-938587-20-X | ||
| 050 |
_aTR(GS 516 _bKOM |
||
| 100 | _aKomarc, Marilyn | ||
| 245 |
_aExploring with polydrons, bk.1 / _cMarilyn Komarc and Gwen Clay. |
||
| 260 |
_aNew Rochelle, NY : _bCuisenaire Comp., America Inc, _c1991. |
||
| 650 | _aPolydrons | ||
| 650 | _aPolyhedra | ||
| 650 | _aGeometry | ||
| 999 |
_c102833 _d102833 |
||